Place names containing "arm" - Statistics

General Stats
  • This quiz has been taken 9 times
    4 since last reset
  • The average score is 10 of 15
Answer Stats
Clue Geographical entity % Correct
Small country east of Turkey Armenia
100%
Common Hispanic place name, and girl's name Carmen
100%
Agricultural-sounding place name common in the USA Farmington
100%
Italian city which lends its name to types of ham and cheese Parma
100%
Body of water linking the Black Sea to the Mediterranean Sea of Marmara
100%
Town in West Lothian, Scotland Armadale
50%
County of Northern Ireland Armagh
50%
French border town near Lille, the site of a WW1 battle of the same name Armentieres
50%
County town in SW Wales Carmarthen
50%
Département of northern France Côtes-d'Armor
50%
City near Frankfurt in Germany Darmstadt
50%
Seaside resort in Norfolk Great Yarmouth
50%
Jammy-sounding mountain of the Dolomites, in the Italian Alps Marmolada
50%
Holy yet aggressive-sounding town in Wiltshire Warminster
50%
Voivodeship of NE Poland Warmian-Masurian Voivodeship
0%
No matching quizzes found
Score Distribution
Percent of People with Each Score
Percentile by Number Answered
Your Score History
You have not taken this quiz since the last reset